[Event "5th Nebesna Sotnya Blitz 2018"]
[Site "Lutsk"]
[Date "2018.02.16"]
[Round "9"]
[White "Matviishen, Viktor"]
[Black "Mirzoev, Emil"]
[Result "0-1"]
[WhiteElo "2439"]
[BlackElo "2405"]
[Annotator "TA"]
[PlyCount "88"]
[EventDate "2018.??.??"]
[EventType "swiss"]
[EventCountry "UKR"]
[SourceTitle "playchess.com"]
[Source "ChessBase"]
[SourceQuality "1"]

{[%evp 13,88,9,17,4,18,0,0,0,0,0,0,-5,-5,0,4,-11,-14,-22,-2,0,0,-17,-17,-19,0,-2,22,10,24,16,14,0,6,4,23,27,81,87,91,79,72,64,65,58,91,60,51,56,77,43,76,0,0,0,29,11,11,9,47,0,0,0,0,-52,-57,-50,-21,-62,-55,-52,-62,-62,-41,-26,-24,-1787,-1807]} 1. d4 d5 2. c4 e6 3. Nc3 Bb4 4. cxd5 exd5 5. Nf3 Nf6 6. Bg5 Qd6 7. Bxf6 Qxf6 {LiveBook: 24 Partien} 8. e3 {D38: Damengambit (Ragosin-Verteidigung)} c6 9. Be2 O-O 10. O-O {Die Stellung ist ausgeglichen.} Nd7 {[%cal Bb8d7,Bd7b6,Bb6d5][%mdl 32]} 11. a3 Bd6 12. e4 $146 ({Vorgänger:} 12. b4 Qe7 13. b5 Nf6 14. bxc6 bxc6 15. a4 a5 {0-1 (69) Fier,A (2580)-Yu,Y (2675) Dubai 2014}) 12... dxe4 $1 13. Nxe4 Qh6 14. Rc1 Bf4 15. Rc3 Nb6 16. g3 Bc7 17. Qc1 Qxc1 18. Rcxc1 Nd5 19. Rfe1 Re8 20. Bc4 {[#] Lxd5 ist eine echte Drohung.} Bg4 21. Kg2 Bb6 22. Ne5 Be6 23. Nd6 Re7 {[#]} 24. Nexf7 $1 {[%mdl 512]} Bxf7 (24... Bxd4 $11 {bleibt in der Remisbreite.} 25. Ng5 Bxb2) 25. Rxe7 $16 Nxe7 26. Bxf7+ Kf8 27. Be6 Bxd4 28. Rc4 Bxb2 29. Rf4+ Bf6 30. Nxb7 Ng6 31. Rc4 Ne5 {Droht ...Ke7 und aus.} 32. Re4 (32. Ra4 $16) 32... Rb8 $11 33. Nc5 Rb2 34. Bf5 g6 35. Bc8 Kf7 36. h4 Rc2 37. Nd7 Nd3 38. Ba6 (38. Nxf6 $11 Nxf2 39. Ra4 Nd1+ 40. Kf1 Kxf6 41. Rxa7) 38... Nxf2 $15 39. Rc4 Ng4+ 40. Rxc2 Ne3+ 41. Kf3 Nxc2 42. a4 Bd4 43. Ke4 {Schwarz muss nun Ld3 beachten.} c5 44. Kd5 $2 {[%mdl 8192]} (44. g4 $11) 44... Nb4+ {Precision: Weiß = 45%, Schwarz = 55%.} 0-1

[Event "5th Nebesna Sotnya Blitz 2018"]
[Site "Lutsk"]
[Date "2018.02.16"]
[Round "9"]
[White "Budnikov, Oleg"]
[Black "Roshka, Yevgeniy"]
[Result "1-0"]
[WhiteElo "2422"]
[BlackElo "2358"]
[Annotator "TA"]
[PlyCount "56"]
[EventDate "2018.??.??"]
[EventType "swiss"]
[EventCountry "UKR"]
[SourceTitle "playchess.com"]
[Source "ChessBase"]
[SourceQuality "1"]

{[%evp 13,56,38,41,37,94,51,368,362,358,344,350,366,365,360,365,358,365,358,461,461,447,443,447,444,602,609,603,419,587,565,596,520,531,530,558,541,540,535,666,657,777,806,990,797,884]} 1. e4 g6 2. Nc3 Bg7 3. d4 c6 4. Bc4 {[%cal Bf1c4,Bc4b3,Bb3a4][%mdl 32]} d5 5. exd5 b5 6. Bb3 b4 7. Ne4 cxd5 8. Nc5 {B06: Modern Defence} Nc6 (8... e6 $14) 9. Nf3 Nf6 $146 {[%mdl 8192] [#]} ({Better is} 9... Bg4 $14) ({Predecessor:} 9... Bg4 10. Ba4 Rc8 11. c3 Qb6 12. h3 Bxf3 13. Qxf3 Nf6 14. Bg5 bxc3 15. bxc3 O-O 16. Bxf6 Bxf6 {½-½ (32) Goumas,G (2402)-Skembris,S (2460) Achaea 2012}) 10. Ba4 $18 {White is winning.} Bd7 11. Nxd7 Qxd7 12. Ne5 Nxe5 13. Bxd7+ Nexd7 14. O-O O-O 15. a3 a5 16. axb4 axb4 17. Rxa8 Rxa8 18. Qe1 Ne4 19. Qxb4 e6 20. f3 Nef6 (20... Rb8 $142) 21. c3 {White is clearly winning.} Bf8 22. Qb3 Rb8 23. Qc2 Nb6 24. Bf4 Ra8 25. b3 Rc8 26. Ra1 Nfd7 27. Qd3 f6 28. Be3 f5 {Precision: White = 87%, Black =  8%.} 1-0

[Event "5th Nebesna Sotnya Blitz 2018"]
[Site "Lutsk"]
[Date "2018.02.16"]
[Round "9"]
[White "Sergeev, Vladimir"]
[Black "Bernadskiy, Vitaliy"]
[Result "0-1"]
[WhiteElo "2414"]
[BlackElo "2588"]
[Annotator "TA"]
[PlyCount "118"]
[EventDate "2018.??.??"]
[EventType "swiss"]
[EventCountry "UKR"]
[SourceTitle "playchess.com"]
[Source "ChessBase"]
[SourceQuality "1"]

{[%evp 9,118,23,24,-10,11,17,47,25,27,18,21,18,27,33,34,15,8,9,23,36,11,0,0,14,16,0,22,25,39,11,80,76,75,31,104,25,84,-276,-268,-516,-512,-518,-517,-874,-872,-844,-595,-730,-735,-1647,-983,-966,-959,-29989,-29988,-29988,-29988,-29992,-29993,-29993,-29992,-29992,-29984,-29984,-29985,-29985,-29986,-29986,-970,-29987,-29988,-29988,-29989,-29989,-872,-29968,-797,-864,-864,-910,-839,-832,-825,-798,-812,-1337,-1327,-1772,-1783,-1740,-1717,-1544,-447,-1637,-1527,-2158,-1978,-2106,-2070,-29984,-29985,-29987,-6205,-5864,-5009,-29986,-29987,-29991,-29985,-29993,-29993]} 1. d4 g6 2. Nf3 Bg7 3. c3 d6 4. a4 $146 ({Predecessor:} 4. Bf4 Nd7 5. e3 e5 6. dxe5 dxe5 7. Bg3 Qe7 8. Na3 Nh6 9. Bh4 f6 10. Bc4 Nb6 11. Bb3 Nf5 12. e4 Nxh4 13. Nxh4 f5 14. Nf3 fxe4 {1-0 (34) Cori Tello,J (2648)-Movsziszian,K (2519) Vallfogona de Balague 2017}) 4... f5 5. a5 Nf6 6. Bg5 {A40: Unusual replies to 1 d4} Nbd7 7. Nbd2 h6 8. Bxf6 {White is slightly better.} Nxf6 9. e3 O-O 10. Bd3 e6 11. e4 g5 12. exf5 exf5 13. O-O Be6 14. Re1 Qd7 15. Bc4 Bxc4 16. Nxc4 c6 17. Qc2 Ne4 18. Rad1 Rae8 19. d5 c5 (19... g4 $11 {remains equal.} 20. Nh4 Bf6) 20. Nfd2 $16 {[%cal Rd2e4]} Nf6 21. Qb3 g4 {[#]} ({Better is} 21... Kh8 $14) 22. Nf1 ({White should play} 22. Re6 $1 $16 {[%mdl 512]}) 22... f4 {[#]} (22... Kh8 $11) 23. g3 $2 {[%mdl 8192] [#]} (23. Re6 $1 $16 {[%mdl 512]}) 23... Ne4 $1 $19 {[%cal Re4f2] Hoping for ...Nxf2!} 24. Ncd2 $2 (24. gxf4 Rxf4 25. Ra1) 24... Ng5 25. gxf4 Nh3+ 26. Kg2 (26. Kh1 $142 Nxf2+ 27. Kg1 Nxd1 28. Qxd1) 26... Nxf4+ 27. Kh1 Nh3 28. Ra1 Nxf2+ 29. Kg2 Nd3 30. Rxe8 Qxe8 31. Ng3 Rf2+ 32. Kh1 Rxd2 33. Qxb7 Nf2+ 34. Kg1 Qf8 35. Rf1 Qf3 {[%cal Rf2h3]} 36. Qc8+ Kh7 {[%cal Rf2h3]} 37. Qf5+ Qxf5 38. Nxf5 Nh3+ 39. Kh1 Be5 {[%csl Ge5][%cal Rd2h2]} 40. Ng3 Bxg3 41. hxg3 {[%mdl 4096] Endgame KRN-KR} Kg6 (41... Ng5 $142 42. b3 Nf3 43. Rxf3 gxf3 44. Kg1 Kg6 45. b4 Kg5 46. Kf1 Kg4 47. Ke1 Ra2 48. Kf1 Kxg3 49. Ke1 f2+ 50. Kf1 Kf3 51. bxc5 Ra1#) 42. Re1 Rxd5 (42... Ng5 $142 43. Kg1 Nf3+ 44. Kf1 Nxe1 45. Kxe1 Rxb2 46. c4 h5 47. Kf1 Kg5 48. Ke1 h4 49. gxh4+ Kf4 50. h5 g3 51. Kd1 g2 52. Kc1 Rf2 53. h6 g1=Q#) 43. Re7 a6 44. Ra7 Rd1+ 45. Kg2 Rd2+ 46. Kf1 Kf5 47. Rxa6 Ke4 48. Ra8 Kf3 {[%cal Rd2d1]} 49. Rf8+ Kxg3 {White must now prevent ...Ng5.} 50. a6 Rd1+ 51. Ke2 Ra1 52. Ra8 Nf4+ 53. Ke3 h5 {[%cal Bh6h5,Bh5h4,Bh4h3][%mdl 32]} 54. c4 h4 55. Rf8 Ng2+ (55... h3 $142 56. a7 Rxa7 57. b4 h2 58. Rh8 Nh3 59. Rf8 h1=Q 60. bxc5 Ra3+ 61. Kd2 Qh2+ 62. Rf2 Qxf2+ 63. Kd1 Ra1#) 56. Ke4 Rxa6 57. Kd5 h3 {Black mates.} 58. b3 Rb6 59. Rb8 Rxb8 {Precision: White = 34%, Black = 50%.} 0-1

[Event "5th Nebesna Sotnya Blitz 2018"]
[Site "Lutsk"]
[Date "2018.02.16"]
[Round "9"]
[White "Solovchuk, Alexey"]
[Black "Bortnyk, Mykola"]
[Result "0-1"]
[WhiteElo "2358"]
[BlackElo "2432"]
[Annotator "TA"]
[PlyCount "57"]
[EventDate "2018.??.??"]
[EventType "swiss"]
[EventCountry "UKR"]
[SourceTitle "playchess.com"]
[Source "ChessBase"]
[SourceQuality "1"]

{[%evp 21,57,18,36,38,58,48,64,69,119,79,86,88,97,89,97,94,107,38,40,38,35,45,52,26,49,43,37,7,7,4,16,29,13,0,0,-25,-29,-35]} 1. d4 d5 2. Nf3 Nf6 3. g3 c5 4. Bg2 Nc6 5. O-O Bg4 6. Ne5 cxd4 7. Nxg4 Nxg4 8. e4 Nf6 9. exd5 Nxd5 10. c3 {[%cal Bc2c3,Bc3d4,Bd4d5][%mdl 32]} e6 11. cxd4 Be7 12. Nc3 {D02: 1 d4 d5 2 Nf3 sidelines, including 2...Nf6 3 g3 and 2...Nf6 3 Bf4} Nxc3 13. bxc3 O-O 14. Rb1 {White is slightly better.} Qc8 $146 ({Predecessor:} 14... Na5 15. Bxb7 Rb8 16. Be4 Rxb1 17. Bxb1 Qc7 18. Re1 g6 19. Bh6 Rd8 {1-0 (29) Diermair,A (2431)-Minko,V (2268) Legnica 2013}) 15. c4 Rd8 16. d5 Na5 17. Qa4 Nxc4 18. dxe6 Qxe6 19. Rxb7 (19. Bxb7 $16 Rab8 20. Qxa7) 19... Rac8 $14 20. Rxa7 Bc5 21. Ra6 Qe2 22. Rc6 Ne5 23. Rxc8 Rxc8 24. Qd1 (24. Qe4 $5 {[%cal Re4e2]} Bxf2+ 25. Kh1 Qxe4 26. Bxe4 $14) 24... Bxf2+ 25. Kh1 Qxa2 26. Bf4 Ng6 $1 {[%cal Rg6f4]} 27. Bd5 Qa7 28. Qf3 Bd4 29. Bg5 {Precision: White = 47%, Black = 64%.} 0-1

[Event "5th Nebesna Sotnya Blitz 2018"]
[Site "Lutsk"]
[Date "2018.02.16"]
[Round "9"]
[White "Bordovsky, Vladimir"]
[Black "Simantsev, Mikhail"]
[Result "1-0"]
[WhiteElo "2326"]
[BlackElo "2486"]
[Annotator "TA"]
[PlyCount "47"]
[EventDate "2018.??.??"]
[EventType "swiss"]
[EventCountry "UKR"]
[SourceTitle "playchess.com"]
[Source "ChessBase"]
[SourceQuality "1"]

{[%evp 18,47,0,9,22,-5,7,0,0,-9,32,41,29,43,181,85,602,597,599,637,577,638,627,629,604,608,617,529,1493,969,1522,909]} 1. Nf3 Nf6 2. d4 e6 3. e3 c5 4. Bd3 b6 5. O-O Bb7 6. Nbd2 Nc6 7. c3 d5 8. Ne5 {D05: Damenbauernspiele (Colle-Aufbau)} (8. Re1 Be7 9. dxc5 bxc5 10. e4 Qc7 11. exd5 exd5 12. Nf1 O-O 13. Bg5 Rfe8 14. Ne3 d4 15. Nf5 dxc3 16. Nxe7+ Nxe7 17. Bxf6 gxf6 18. bxc3 {½-½ (44) Morovic Fernandez,I (2527)-Bachmann,A (2646) Buenos Aires 2017}) 8... Nxe5 9. dxe5 Nd7 10. f4 {LiveBook: 9 Partien. Die Stellung ist ausgeglichen.} Be7 11. e4 c4 12. Bc2 Nc5 13. Qg4 $146 ({Vorgänger:} 13. exd5 Qxd5 14. Nf3 Nd3 15. Bxd3 cxd3 {0-1 (40) Ophoff,R-Stephan,W Moeller Werke 1970}) 13... g6 {[%cal Rd5e4]} 14. f5 h5 15. Qh3 {Und fxg6 würde nun gewinnen.} dxe4 {[#]} ({Günstiger ist} 15... b5 $14) 16. fxe6 (16. fxg6 $1 $18 {bietet bessere Gewinnchancen.} fxg6 {[#]} 17. Nxe4 $1 {[%mdl 512]} (17. Nxc4 Qd5 $14)) 16... Nxe6 $2 {[%mdl 8192]} (16... O-O $16) 17. Ba4+ $18 {Weiß steht klar auf Gewinn.} Kf8 {zielt auf ...Dd5 ab.} 18. Qxe6 $1 {[%csl Gf1][%cal Re6f7]} Rh7 19. Qxg6 Rg7 20. Qxh5 Bc5+ 21. Kh1 e3 22. Nf3 e2 23. Re1 Qd3 24. Bh6 {Precision: Weiß = 57%, Schwarz = 18%.} 1-0

[Event "5th Nebesna Sotnya Blitz 2018"]
[Site "Lutsk"]
[Date "2018.02.16"]
[Round "9"]
[White "Peng, Li Min"]
[Black "Galperin, Platon"]
[Result "0-1"]
[WhiteElo "2320"]
[BlackElo "2332"]
[Annotator "TA"]
[PlyCount "121"]
[EventDate "2018.??.??"]
[EventType "swiss"]
[EventCountry "UKR"]
[SourceTitle "playchess.com"]
[Source "ChessBase"]
[SourceQuality "1"]

{[%evp 21,121,22,19,15,48,39,32,15,19,0,0,0,0,0,22,0,17,9,14,28,29,15,47,0,0,0,0,0,18,10,13,12,10,10,31,20,20,20,20,20,22,22,47,40,59,47,28,0,43,-53,18,-194,-185,-204,-200,-283,0,0,0,0,16,0,0,-352,-352,-378,-237,-237,-237,-237,-236,-236,-231,-229,-181,-190,-183,-229,-143,-257,-243,-339,-287,-655,-654,-624,-635,-980,-855,-1275,-1168,-708,-8,-80,-80,-352,-80,-80,-77,-75,-8,-4610]} 1. e4 e6 2. d4 d5 3. exd5 exd5 4. Nf3 Bd6 5. c4 dxc4 6. Bxc4 Nf6 7. O-O O-O 8. Nc3 Nc6 9. h3 h6 10. Qc2 {D20: Queen's Gambit Accepted: 3 e3 and 3 e4} (10. Re1 Bf5 11. a3 Re8 12. Rxe8+ Qxe8 13. Nb5 Qd7 14. Nxd6 Qxd6 15. Qb3 Be6 16. Bxe6 fxe6 17. Bf4 Qd5 18. Qxb7 Nxd4 19. Qxd5 Nxd5 20. Nxd4 Nxf4 {½-½ (59) Zvjaginsev,V (2673)-Popov,I (2596) Moscow 2016}) 10... Ne7 11. Ne5 c6 {LiveBook: 3 Games} 12. Qb3 {[%cal Re5f7]} Qe8 $146 ({Predecessor:} 12... Ned5 13. Re1 Bc7 14. Bd2 Rb8 15. Rac1 Be6 16. Nxd5 Bxd5 17. Bf4 Bxc4 18. Qxc4 {0-1 (33) Cox,J (2387)-Josse,M (2173) Daventry 2013}) 13. Re1 {Black must now prevent Ng6!} b5 14. Bf1 Be6 15. Qc2 Rc8 16. Bf4 Qd8 17. a3 Ned5 18. Nxd5 Nxd5 19. Bg3 Qf6 20. Rac1 a6 21. Qd2 ({Don't blunder} 21. Nxc6 $2 Bxg3 22. fxg3 Bd7 $19) 21... Bf5 22. Qa5 c5 23. dxc5 Bxc5 24. Qd2 Nb6 25. b4 Rfd8 26. Qf4 Bd6 (26... Nd5 {with more complications.} 27. Ng4) 27. Rxc8 Rxc8 28. Ng4 Bxg4 29. Qxf6 gxf6 30. Bxd6 Be6 31. Bc5 Na4 32. Bd4 f5 33. Bf6 Nb6 34. Re3 f4 (34... Nd5 $5 35. Rg3+ $8 Kf8 36. Bg7+ Ke7 $14) 35. Re4 (35. Rc3 $14) 35... Nd5 ({Better is} 35... Rc1 $15 36. Bb2 Rb1) 36. Be5 $2 (36. Bb2 $1 $11) 36... Rc1 $1 $19 37. h4 {[#]} f3 $1 {[%mdl 512]} 38. Rd4 (38. h5 {was called for.}) (38. gxf3 Bh3) 38... fxg2 $2 (38... f6 $19 39. Bg3 Nc3) 39. Kxg2 $11 f6 40. Bg3 Nc3 41. Rd6 Bd5+ 42. Kh3 $2 {[%mdl 8192]} (42. f3 $11 {and White is okay.}) 42... Rxf1 $19 43. Rxf6 Ne4 44. Rxh6 Nxf2+ 45. Bxf2 Rxf2 46. Rxa6 {[%mdl 4096] Endgame KRB-KR} Bb3 $1 47. Kg4 Ra2 48. Kg5 Ba4 49. Kg6 {[%cal Ra6a8]} Kf8 50. Ra8+ (50. Rf6+ $17 {was worth a try.} Ke7 51. Rf3) 50... Ke7 51. Ra7+ Ke6 52. Ra6+ $2 (52. h5 Rxa3 53. Kg7) 52... Ke5 53. h5 Rxa3 {( -> ...Bc2+)} 54. Kg7 {intending h6.} Rg3+ 55. Kh8 Rh3 56. h6 Kd5 $2 (56... Rh4 $1 $19 {[%cal Rh4b4]} 57. Rc6 Rc4) 57. Kg7 (57. Rb6 $1 $11) 57... Bc2 $17 58. Ra7 $2 {[%mdl 8192]} (58. Rb6 $17) 58... Kc4 $2 (58... Rh4 $19 {is more deadly.} 59. Rc7 Rc4 60. Rd7+ Ke6) 59. Rc7+ Kb3 60. Rc5 {[#]} Bd3 {[#]} (60... Rg3+ $1 $17 61. Kf8 Rg6 62. Rxb5 Rxh6) 61. Rc6 $2 {[%mdl 8192] Precision: White = 34%, Black = 43%.} (61. Rxb5 $1 $11 {[%mdl 512]} Rg3+ (61... Bxb5 62. h7) 62. Kf8) 0-1

[Event "5th Nebesna Sotnya Blitz 2018"]
[Site "Lutsk"]
[Date "2018.02.16"]
[Round "9"]
[White "Yarmysty, Mikhail"]
[Black "Vetoshko, Volodymyr"]
[Result "0-1"]
[WhiteElo "2300"]
[BlackElo "2520"]
[Annotator "TA"]
[PlyCount "31"]
[EventDate "2018.??.??"]
[EventType "swiss"]
[EventCountry "UKR"]
[SourceTitle "playchess.com"]
[Source "ChessBase"]
[SourceQuality "1"]

{[%evp 1,1,22]} 1. e4 {Find the theoretical novelty and annotate with similar games:} e5 $146 2. Nf3 Nf6 3. Nxe5 d6 4. Nf3 Nxe4 5. Qe2 Qe7 6. d3 Nf6 7. Nc3 Qxe2+ 8. Bxe2 g6 9. Nd4 a6 10. Bf4 Bg7 11. h3 Bd7 12. Bf3 Nc6 13. Nxc6 Bxc6 14. Bxc6+ bxc6 15. O-O-O Kd7 16. Rhe1 {½-½ (41) Carlsen,M (2834)-Caruana,F (2811) Wijk aan Zee 2018} 0-1

[Event "5th Nebesna Sotnya Blitz 2018"]
[Site "Lutsk"]
[Date "2018.02.16"]
[Round "10"]
[White "Bernadskiy, Vitaliy"]
[Black "Bordovsky, Vladimir"]
[Result "1-0"]
[WhiteElo "2588"]
[BlackElo "2326"]
[Annotator "TA"]
[PlyCount "77"]
[EventDate "2018.??.??"]
[EventType "swiss"]
[EventCountry "UKR"]
[SourceTitle "playchess.com"]
[Source "ChessBase"]
[SourceQuality "1"]

{[%evp 9,77,35,75,63,61,46,54,38,63,26,29,36,85,86,100,90,102,102,100,95,105,22,27,-12,76,82,81,38,100,7,0,0,0,0,0,0,0,0,0,0,6,0,0,0,336,83,136,0,0,0,434,127,164,127,29982,29983,5310,5306,29985,29986,29990,29991,29991,29992,29993,29990,29997,29998,29998,29999]} 1. d4 Nf6 2. c4 d6 3. Nf3 Bf5 4. Nc3 g6 5. h3 h5 6. e3 $146 {E61: King's Indian: Early deviations for White, including Smyslov System} ({Predecessor:} 6. Ng5 Bh6 7. d5 c5 8. e4 Bxg5 9. Bxg5 Nxe4 10. Nxe4 Bxe4 11. Qe2 Bf5 12. Bf6 Rh7 13. O-O-O {1-0 (28) Panjwani,R (2440)-Amin,B (2657) Reykjavik 2014}) 6... Bg7 7. Be2 O-O 8. O-O {White is slightly better.} c5 9. Bd3 Bxd3 10. Qxd3 Nc6 {[#]} 11. d5 $1 {[%cal Rd5c6]} Na5 12. e4 Nd7 13. Bd2 a6 14. Rab1 Rb8 15. a4 (15. b3 $16) 15... Nb3 $11 16. Be3 Ne5 (16... Qb6 $11 {remains equal.}) 17. Nxe5 $16 dxe5 {[%cal Bd6e5,Be5d4][%mdl 32]} 18. f4 Nd4 (18... exf4 $1 $14 19. Bxf4 e5) 19. Bxd4 (19. fxe5 $16 {Black should prevent Bf4.} Bxe5 20. b4) 19... exd4 $11 20. Ne2 {[#]} b5 $1 {[%mdl 512]} 21. axb5 axb5 22. b3 Qa5 23. e5 Qa3 24. cxb5 {Strongly threatening f5.} Qb4 25. f5 Qxb5 26. Qe4 Bh6 $2 {[%mdl 8192]} (26... d3 $1 $11 27. Nf4 Qb4) 27. Nf4 $2 (27. fxg6 $18 {is the precise move to win.} Be3+ 28. Kh1 Qxe2 29. gxf7+ Kg7 30. Qf5) 27... Bxf4 (27... Kg7 $142) 28. Qxf4 ({Only move:} 28. Rxf4 $16 g5 29. Rff1) 28... Qd3 $1 29. Rbe1 Kh7 $2 {[%mdl 8192]} ({Don't go for} 29... Rxb3 $2 30. Qh6 $18) (29... Qxf5 $1 $11 {and Black stays safe.} 30. Qc1 Qd7 31. Qxc5 Rb5) 30. f6 $2 (30. Qg5 $18) 30... exf6 31. Qxf6 Rxb3 $2 {[%mdl 8192]} ({Much weaker is} 31... Qxb3 $6 32. e6 $11) (31... Qc3 $16) 32. e6 Rbb8 33. e7 Rg8 34. Qxf7+ {White mates.} Rg7 35. e8=Q Rxe8 36. Qxe8 c4 37. Re7 Rxe7 38. Qxe7+ Kh6 39. Qf8+ {Precision: White = 41%, Black = 48%.} 1-0

[Event "5th Nebesna Sotnya Blitz 2018"]
[Site "Lutsk"]
[Date "2018.02.16"]
[Round "10"]
[White "Vetoshko, Volodymyr"]
[Black "Bogdanovich, Stanislav"]
[Result "0-1"]
[WhiteElo "2520"]
[BlackElo "2560"]
[Annotator "TA"]
[PlyCount "70"]
[EventDate "2018.??.??"]
[EventType "swiss"]
[EventCountry "UKR"]
[SourceTitle "playchess.com"]
[Source "ChessBase"]
[SourceQuality "1"]

{[%evp 21,70,10,25,8,21,15,32,26,35,0,28,16,18,0,30,7,0,0,0,0,10,0,0,0,10,-36,-47,-175,-187,-199,-56,-52,0,0,177,156,330,-191,-221,-333,-326,-310,-315,-261,-154,-278,0,-29997,-29998,-29998,-29999]} 1. e4 e5 2. Nf3 Nc6 3. Bb5 g6 4. c3 a6 5. Ba4 d6 6. d4 Bd7 7. O-O Bg7 8. Bg5 f6 9. Be3 Nh6 10. h3 {C76: Spanische Partie (Moderne Steinitz-Verteidigung)} (10. Bb3 Qe7 11. Bd5 Nd8 12. dxe5 dxe5 13. h3 Nhf7 14. Nbd2 Be6 15. Qa4+ Qd7 16. Qxd7+ Kxd7 17. Rad1 Bxd5 {0-1 (52) Fedoseev,V (2718)-Mamedyarov,S (2799) Riadh 2017}) 10... Nf7 11. dxe5 fxe5 {LiveBook: 3 Partien} 12. Bb3 {Weiß hat minimalen Vorteil.} Qe7 13. Nbd2 $146 ({Vorgänger:} 13. c4 Ncd8 14. Nc3 Ne6 15. Nd5 Qd8 16. Rc1 c5 17. Bc2 O-O {1-0 (64) Duda,J (2645)-Iskandarov,M (2405) Khanty-Mansiysk 2015}) 13... Be6 14. Bxe6 Qxe6 15. Qb3 Ncd8 16. c4 O-O 17. Rfd1 Qe7 18. Rac1 b6 19. Qd3 Ne6 20. Nb1 Nfd8 21. Nc3 Rxf3 22. gxf3 Nf7 23. Nd5 Qh4 {[%mdl 1024] Schwarz hat Kompensation.} 24. Kf1 {[#]} ({Günstiger ist} 24. Qf1 $15) 24... Rf8 $1 $19 25. Ke2 Qh5 (25... Nfg5 $19 26. Bxg5 Nxg5) 26. Rg1 Nfg5 ({Lieber} 26... Nd4+ $15 27. Bxd4 exd4) 27. Bxg5 $11 Rxf3 $2 {[#]} (27... Nxg5 $11 {und Schwarz steht sicher.} 28. Rg3 (28. Nxc7 Nxh3 29. Qb3 Bh6 $11) 28... Ne6) 28. Be3 $1 $18 {Droht stark Dd1.} ({Aber nicht} 28. Ne7+ $2 Kh8 $19) 28... Nc5 $2 (28... c6 $16) 29. Ne7+ $4 {[%mdl 8192]} (29. Qd1 $18 {nur so kann Weiss gewinnen.}) 29... Kf8 $19 30. Qd5 (30. Bxc5 $142 Rxd3+ 31. Kxd3 bxc5 32. Nd5) 30... Rxe3+ $1 ({Weniger gut wäre} 30... Kxe7 31. Bxc5 bxc5 32. Ke1 $17) 31. Kxe3 {Und weiter mit Dg8+ wäre nett.} Bh6+ ({Jedoch nicht} 31... Kxe7 32. f3 $19) 32. f4 Bxf4+ 33. Kf2 {Schwarz muss nun Sxg6+ beachten.} Kxe7 $2 (33... Bxc1 $19 34. Nxg6+ hxg6 35. Rxc1 Qxh3) 34. Qc6 $2 {[%mdl 8192]} (34. Rc3 $11) 34... Nd3+ 35. Kg2 Qe2+ {Precision: Weiß = 26%, Schwarz = 54%.} 0-1

[Event "5th Nebesna Sotnya Blitz 2018"]
[Site "Lutsk"]
[Date "2018.02.16"]
[Round "10"]
[White "Simantsev, Mikhail"]
[Black "Alexikov, Alexander"]
[Result "1-0"]
[WhiteElo "2486"]
[BlackElo "2303"]
[Annotator "TA"]
[PlyCount "101"]
[EventDate "2018.??.??"]
[EventType "swiss"]
[EventCountry "UKR"]
[SourceTitle "playchess.com"]
[Source "ChessBase"]
[SourceQuality "1"]

{[%evp 14,101,43,37,50,39,87,40,59,43,53,45,69,61,54,58,65,62,72,67,95,65,93,78,118,89,116,80,73,75,79,45,49,33,177,123,120,114,195,77,77,89,314,200,188,186,300,292,276,39,398,342,386,381,466,466,523,514,579,-166,729,659,734,733,729,708,649,619,875,879,978,930,3129,2212,29984,2016,29991,1829,1753,1685,4602,1828,5181,1460,6020,4806,29944,12839,12831,6950]} 1. d4 Nf6 2. c4 g6 3. Nc3 Bg7 4. e4 d6 5. Nf3 O-O 6. h3 c6 7. Be3 a6 8. Bd3 b5 {E90: King's Indian: Classical: Early deviations and 6 h3} 9. O-O Bb7 (9... bxc4 10. Bxc4 d5 11. Bd3 dxe4 12. Nxe4 Nxe4 13. Bxe4 Be6 14. Qc2 Bd5 15. Ne5 Bxe4 16. Qxe4 {0-1 (43) Khairullin,I (2652)-Nguyen,N (2634) Berlin 2015}) 10. Re1 $146 ({Predecessor:} 10. Qb3 Nbd7 11. e5 dxe5 12. dxe5 Nh5 13. e6 fxe6 14. cxb5 cxb5 15. Qxe6+ Kh8 16. Ng5 {½-½ (44) Hansen,P (2056)-Arvola,B (2232) London 2011}) 10... Nbd7 {White is slightly better.} 11. Rc1 e5 12. dxe5 dxe5 13. b4 Qe7 14. a3 Rfe8 15. Qc2 Rad8 16. Bf1 h6 17. Qb3 Kh7 18. a4 {[%cal Rc4b5]} Rb8 19. axb5 axb5 20. cxb5 cxb5 21. Nd2 Bc6 22. Nd5 Bxd5 23. exd5 {[%cal Be4d5,Bd5d6][%mdl 32] Strongly threatening Ba7.} Nb6 (23... Qd6 $14) 24. Bc5 (24. Bxb5 $18 Nbd7 25. Bc6) 24... Qd7 $16 25. d6 $36 {[%mdl 2048] White is on the roll.} Bf8 (25... Re6 $16) 26. Ne4 (26. Bxb6 $18 {has better winning chances.} Rxb6 27. Rc7) 26... Nxe4 27. Rxe4 f5 $2 (27... Nc8 $16 {might work better.}) 28. Ree1 {aiming for Bxb6.} Bg7 29. Red1 $1 {Hoping for Bxb6.} Nc8 (29... Na4 {keeps fighting.} 30. Be2 Rec8) 30. Be3 $18 {Rc7 is the strong threat.} Nxd6 31. Bc5 $2 ({White has to play} 31. Qd5 $1 $18) 31... Re6 $2 {[%mdl 8192]} (31... Qf7 $14 32. Qxf7 Nxf7) 32. Qd5 Bf8 33. Ra1 {[%cal Bc1a1,Ba1a6,Ba6d6][%mdl 32]} Rb7 34. Ra6 Rf6 35. Qxe5 Qe6 36. Bxd6 $4 {[%mdl 8192]} (36. f4 $18 {and all is fine.}) 36... Bxd6 $4 {[%mdl 8192]} (36... Qxe5 $19 37. Bxe5 Rxa6) 37. Qxe6 Rxe6 38. Rdxd6 Rxd6 39. Rxd6 {[%mdl 4096] Endgame KRB-KR} Kg7 40. Rd5 Kf6 41. Rxb5 Ra7 42. Rb6+ Kg5 43. Ra6 Rb7 {[#]} 44. b5 (44. h4+ $142 $1 Kxh4 45. g3+ Kg5 46. f4+ Kg4 47. Rxg6+ Kf3 48. Bg2+ Ke2 49. Bxb7) 44... Kf4 45. g3+ (45. Re6 $142 Kg5 {[#]} 46. h4+ $1 {[%mdl 512]} Kh5 47. Be2+ Kxh4 48. g3+ Kh3 49. Rxg6 Rh7 50. Bf1#) 45... Ke5 46. h4 g5 47. hxg5 hxg5 48. Rg6 g4 49. Ra6 f4 50. gxf4+ Kxf4 51. Kg2 {Precision: White = 52%, Black = 16%.} 1-0